Resultaten van de gewijzigde wetgeving inzake de afhandeling van gratieverzoeken

Guardado en:  
Detalles Bibliográficos
Autores principales: Everwijn, Hayke (Autor) ; Goedvolk, M. R. (Autor)
Tipo de documento: Print Libro
Lenguaje:Holandés
Publicado: Barneveld Significant 2007
En:Año: 2007
Verificar disponibilidad: HBZ Gateway
Servicio de pedido Subito: Pedir ahora.

MARC

LEADER 00000cam a2200000 c 4500
001 1355981484
003 DE-627
005 20220527150703.0
007 tu
008 080924s2007 xx ||||| 00| ||dut c
035 |a (DE-627)1355981484 
035 |a (DE-576)28598148X 
035 |a (DE-599)BSZ28598148X 
040 |a DE-627  |b ger  |c DE-627  |e rakwb 
041 |a dut 
100 1 |a Everwijn, Hayke  |0 (DE-627)1355981387  |0 (DE-576)285981382  |4 aut 
109 |a Everwijn, Hayke  |a Everwijn, H. 
245 1 0 |a Resultaten van de gewijzigde wetgeving inzake de afhandeling van gratieverzoeken  |c auteurs(s): H. Everwijn, M. R. Goedvolk 
264 1 |a Barneveld  |b Significant  |c 2007 
300 |a 61 Bl.  |b graph. Darst. 
336 |a Text  |b txt  |2 rdacontent 
337 |a ohne Hilfsmittel zu benutzen  |b n  |2 rdamedia 
338 |a Band  |b nc  |2 rdacarrier 
583 1 |a Archivierung prüfen  |c 20200919  |f DE-640  |z 1  |2 pdager 
700 1 |a Goedvolk, M. R.  |4 aut 
935 |a mkri 
951 |a BO 
ELC |b 1 
LOK |0 000 xxxxxcx a22 zn 4500 
LOK |0 001 2581132590 
LOK |0 003 DE-627 
LOK |0 004 1355981484 
LOK |0 005 20081201140956 
LOK |0 008 080924||||||||||||||||ger||||||| 
LOK |0 040   |a DE-Frei85  |c DE-627  |d DE-Frei85 
LOK |0 852   |a DE-Frei85 
LOK |0 852 1  |m p  |9 00 
LOK |0 938   |k p 
LOK |0 939   |a 24-09-08  |b l01 
ORI |a SA-MARC-krimdoka001.raw